000 00882nas a2200289 4500
001 BR0101652
003 BR-BrBNA
005 20231205102151.0
007 ta
008 230509b bl.|||p| |||| 00| 00por d
040 _aBR-BrBNA
_bpor
_cBiblioteca Nacional de Agricultura
041 _a(Pt)
072 _aE16; F01
100 1 _aSabbag, O.J.
100 1 _aTarsitano, M.A.A.
100 1 _aCorrea, L.S.
100 1 _aPetinari, R.A.
245 1 _aCultivo do mamoeiro (Carica papaya L.)em ambiente protegido no Estado de Sao Paulo: analise economica
650 _aMamao
650 _aAnalise Economica
650 _aEstufa
650 _aCusto de Producao
650 _aSao Paulo
773 0 _tRevista Brasileira de Fruticultura (Brazil)
_xISSN 0100-2945
_g(Dec 2000), v. 22(3) p. 349-352
_wBR0101652
909 _a202311
_bLúcia
_c55
_dLúcia Elande
942 _2AGRIS
_n0
_cANA
999 _c166094
_d166094